Katy Perry #1 Hits - Statistics

General Stats
  • This quiz has been taken 149 times
  • The average score is 7 of 9
Answer Stats
Release Date Weeks On Hot 100 Song % Correct
2013 35 Roar
91%
2010 39 Firework
85%
2010 27 California Gurls
82%
2008 23 I Kissed a Girl
81%
2010 33 Teenage Dream
79%
2013 57 Dark Horse
78%
2010 24 Last Friday Night (T.G.I.F.)
77%
2010 30 E.T.
61%
2012 22 Part of Me
55%
No matching quizzes found
Score Distribution
Percent of People with Each Score
Percentile by Number Answered
Your Score History
You have not taken this quiz